Score 0/88 Timer 15:00
0 Plays Today
Season Episode Name % Correct
Season 1Pilot
91.8%
Season 1Purple Giraffe
77.8%
Season 2Something Blue
71.7%
Season 2Something Borrowed
70.8%
Season 1The Wedding
69.1%
Season 2Slap Bet
67.7%
Season 3Slapsgiving
66.3%
Season 1The Pineapple Incident
64.9%
Season 1Slutty Pumpkin
63.2%
Season 1Sweet Taste of Liberty
63.1%
Season 1Come On
62.2%
Season 1Milk
61.2%
Season 2Swarley
61.2%
Season 3Wait For It..
60.9%
Season 1Nothing Good Happens After 2 A.M.
60.6%
Season 2Where Were We?
60.3%
Season 1Zip, Zip, Zip
60%
Season 1Cupcake
60%
Season 1Okay Awesome
58.9%
Season 4The Leap
57.8%
Season 1The Limo
56.8%
Season 1Return of the Shirt
56.2%
Season 2How Lily Stole Christmas
55.8%
Season 3Ten Sessions
55.4%
Season 1Game Night
55.1%
Season 1Mary the Paralegal
55.1%
Season 2Atlantic City
54.8%
Season 3Miracles
53.1%
Season 1Best Prom Ever
51.8%
Season 2Brunch
51.8%
Season Episode Name % Correct
Season 3The Goat
51.7%
Season 2Ted Mosby, Architect
51.4%
Season 1Life Among the Gorillas
51.2%
Season 3Sandcastles in the Sand
51.2%
Season 4Shelter Island
51.2%
Season 1The Duel
51.1%
Season 1Drumroll, Please
50.8%
Season 1Belly Full of Turkey
50.3%
Season 2Aldrin Justice
50.3%
Season 4The Best Burger In New York
50.3%
Season 4I Heart NJ
50%
Season 2The Scorpion and the Toad
49.7%
Season 3How I Met Everyone Else
49.7%
Season 2First Time In New York
49.2%
Season 3The Platinum Rule
48.6%
Season 3We're Not From Here
48.5%
Season 1Matchmaker
47.2%
Season 2Showdown
46.5%
Season 2Monday Night Football
45.1%
Season 2Stuff
44.5%
Season 3The Bracket
44.3%
Season 4Three Days of Snow
44.3%
Season 2Lucky Penny
43.8%
Season 2World's Greatest Couple
43.2%
Season 2Arrivederci, Fiero
43.1%
Season 2Columns
42.8%
Season 2Moving Day
42.6%
Season 2Bachelor Party
42.6%
Season 3No Tomorrow
42.5%
Season 4Do I Know You?
42.5%
Season Episode Name % Correct
Season 4The Naked Man
42.5%
Season 2Single Stamina
42.3%
Season 4Intervention
42.2%
Season 3Rebound Bro
42%
Season 3The Yips
40.5%
Season 4As Fast As She Can
40%
Season 3Dowisetrepla
39.5%
Season 3Little Boys
38.3%
Season 4Little Minnesota
38.2%
Season 4The Stinsons
38.2%
Season 3Spoiler Alert
36.6%
Season 4Woooo
36.3%
Season 4Mosbius Designs
36.3%
Season 3The Chain of Screaming
35.7%
Season 4Murtaugh
35.7%
Season 3Everything Must Go
34.9%
Season 4Right Place Right TIme
34.9%
Season 4Sorry, Bro
34.5%
Season 3I'm Not That Guy
34.3%
Season 4The Fight
34.3%
Season 4The Front Porch
34.3%
Season 4The Possimpible
33.8%
Season 4Old King Clancy
33.7%
Season 4Benefits
33.4%
Season 4The Three Days Rule
32.9%
Season 4Happily Ever After
32.8%
Season 3The Third Wheel
32.5%
Season 4Not A Father's Day
30.2%
Remove Ads.
Support Sporcle.
Get the best of Sporcle when you Go Orange. This ad-free experience offers more features, more stats, and more fun while also helping to support Sporcle. Thank you for becoming a member.

You're not logged in!

Compare scores with friends on all Sporcle quizzes.
OR
Log In

Show Comments

Extras

Top Quizzes Today


Score Distribution

Your Account Isn't Verified!

In order to create a playlist on Sporcle, you need to verify the email address you used during registration. Go to your Sporcle Settings to finish the process.

Report this User

Report this user for behavior that violates our Community Guidelines.

Details: